Tecnología química del petróleo /

Guardado en:
Autor Principal: Gruse, William A.
Otros Autores: Stevens, Donald R.
Formato: Libro
Publicado: España : Omega, 1964
Materias:
Etiquetas: Agregar Etiqueta
Sin Etiquetas, Sea el primero en etiquetar este registro!
LEADER 00551nam a22001815a 4500
001 CEM.cems003041
005 19000101000000.0
008 130507s1964##################000#0#####d
003 CEMS
082 0 4 |a 665.5 
100 1 |a Gruse, William A. 
245 1 0 |a Tecnología química del petróleo /  |c William A. Gruse 
260 |a España :  |b Omega,  |c 1964 
300 |a 704 p. 
505 0 |a lleo.-Productos diversos del petr¢leo y prod. derivados. 
653 |a Petroleo 
700 1 |a Stevens, Donald R. 
859 |a CEMS  |b BIB. CEMS - 11 de abril  |h 665.5  |i G928  |p 10042.81  |t Ej.1